| 000 | 00684nam a2200193 a 4500 | ||
|---|---|---|---|
| 005 | 20140414093832.0 | ||
| 008 | 020927s19uu xx 00 eng d | ||
| 050 |
_aVHS 900 _bOR 17 |
||
| 100 | _aTime Life | ||
| 245 |
_aGreece _ba moment of excellence |
||
| 260 |
_aSingapore _bTime Life Asia _cc1995 |
||
| 300 | _a48 mins. | ||
| 440 | _aTime Life's Asia | ||
| 500 | _anarrated by Sam Waterston | ||
| 520 | _aFive hundred years before the Birth of Christ, small city -states in Greece rose from obscurity to ignite one of teh most spectacular explosions of cultural achievement in the history of western civilization. | ||
| 650 | _aHistory | ||
| 942 | _cAVM | ||
| 999 |
_c108802 _d108802 |
||